Documentation encyclopaedia of Unesco and education. 2 Pts (Record no. 68915)

MARC details
000 -LEADER
fixed length control field 00392nam a2200145Ia 4500
008 - FIXED-LENGTH DATA ELEMENTS--GENERAL INFORMATION
fixed length control field 230917s9999||||xx |||||||||||||| ||und||
040 ## - CATALOGING SOURCE
-- 69491
Original cataloging agency VIVEKANANDA LIBRARY
041 ## - Language
-- English
082 ## - DDC NUMBER
Classification number 370.03 A38D
100 ## - MAIN ENTRY--PERSONAL NAME
Personal name Aggarwal, J C
245 #0 - TITLE STATEMENT
Title Documentation encyclopaedia of Unesco and education. 2 Pts
260 ## - PUBLICATION, DISTRIBUTION, ETC. (IMPRINT)
Place of publication, distribution, etc New Delhi
Name of publisher, distributor, etc Concept Publishing
Date of publication, distribution, etc 1991
300 ## - PHYSICAL DESCRIPTION
Pages vii, 799 p.
942 ## - ADDED ENTRY ELEMENTS (KOHA)
Koha item type Books
Holdings
Withdrawn status Lost status Damaged status Not for loan Location (home branch) Sublocation or collection (holding branch) Date acquired Koha issues (times borrowed) Koha full call number Accession No. Koha date last seen Koha item type
        VIVEKANANDA LIBRARY VIVEKANANDA LIBRARY 29/01/2003   370.03 A38D 141979 17/09/2023 Books
        VIVEKANANDA LIBRARY VIVEKANANDA LIBRARY 29/01/2003   370.03 A38D 141980 17/09/2023 Books
© Designed and Maintained by Vivekananda Library, MDU Rohtak